| 000 | 00562nam a22001697a 4500 | ||
|---|---|---|---|
| 999 |
_c162876 _d162876 |
||
| 005 | 20190323120611.0 | ||
| 010 | _aB-192041 | ||
| 020 |
_a0070607125 _c150.00 |
||
| 035 | _aB-192041 | ||
| 100 | _aFoster,jack | ||
| 245 |
_aIdeaship: How to get Ideas flowing in your workplace / _c Jack Foster |
||
| 260 |
_aNew Delhi _bTata McGraw-Hill Publishing Company Limited _c2005 |
||
| 270 |
_a07, West Patel Nagar, _bNew Delhi _e110008 |
||
| 300 |
_aix, 136p. _bill _c23cm.(pbk) |
||
| 942 |
_2ddc _cEN _e2005 _h658.4092 _mFOS |
||